Tratamiento de la normativa contable de los costos por préstamos (Registro nro. 10217)
[ vista simple ]
| 000 -LEADER | |
|---|---|
| fixed length control field | 00396 a2200121 4500 |
| 001 - CONTROL NUMBER | |
| control field | ART_46619 |
| 005 - DATE AND TIME OF LATEST TRANSACTION | |
| control field | 20260410161606.0 |
| 008 - FIXED-LENGTH DATA ELEMENTS--GENERAL INFORMATION | |
| fixed length control field | 260409a |
| 100 1# - MAIN ENTRY--PERSONAL NAME | |
| Personal name | Faccendini, Yanina C. |
| 245 10 - TITLE STATEMENT | |
| Title | Tratamiento de la normativa contable de los costos por préstamos |
| 700 1# - ADDED ENTRY--PERSONAL NAME | |
| Personal name | Oubiña, Gabriel H. |
| 773 0# - HOST ITEM ENTRY | |
| Title | Profesional & Empresaria |
| Related parts | - Año XIX, Nº 225 (jun. 2018) |
| Record control number | REV70 |
No hay ítems disponibles.